MARC details
| 000 -CABECERA |
| campo de control de longitud fija |
01081nam a2200265 a 4500 |
| 001 - NÚMERO DE CONTROL |
| campo de control |
000007356 |
| 005 - FECHA Y HORA DE LA ÚLTIMA TRANSACCIÓN |
| campo de control |
20200929154137.0 |
| 008 - DATOS DE LONGITUD FIJA--INFORMACIÓN GENERAL |
| campo de control de longitud fija |
090908s1991 dr abd 001 0 spa d |
| 040 ## - FUENTE DE LA CATALOGACIÓN |
| Centro catalogador/agencia de origen |
DO-SdBNP |
| 082 ## - NÚMERO DE LA CLASIFICACIÓN DECIMAL DEWEY |
| Número de clasificación |
617.632 |
| Número de documento/Ítem |
T233e |
| 049 ## - FONDOS LOCALES (OCLC) |
| Fondos de biblioteca |
BNPD |
| 100 1# - ENTRADA PRINCIPAL--NOMBRE DE PERSONA |
| Nombre de persona |
Taveras García, Héctor Darío, |
| Fechas asociadas al nombre |
1943- |
| 9 (RLIN) |
20460 |
| 245 10 - MENCIÓN DE TÍTULO |
| Título |
Enfermedad periodontal en la República Dominicana / |
| Mención de responsabilidad, etc. |
Héctor Darío Taveras García. |
| 246 03 - FORMA VARIANTE DE TÍTULO |
| Resto del título |
Estudio sobre prevalencia e incidencia |
| 260 ## - PUBLICACIÓN, DISTRIBUCIÓN, ETC. |
| Lugar de publicación, distribución, etc. |
Santo Domingo : |
| Nombre del editor, distribuidor, etc. |
Universidad Autonóma de Santo Domingo, |
| Fecha de publicación, distribución, etc. |
1991. |
| 300 ## - DESCRIPCIÓN FÍSICA |
| Extensión |
144 p. : |
| Otras características físicas |
il., gráf., map. ; |
| Dimensiones |
21 cm. |
| 490 1# - MENCIÓN DE SERIE |
| Mención de serie |
Publicaciones de la Universidad Autonóma de Santo Domingo, |
| Designación de volumen o secuencia |
643 |
| 490 1# - MENCIÓN DE SERIE |
| Mención de serie |
Salud y sociedad |
| Designación de volumen o secuencia |
No. 18 |
| 500 ## - NOTA GENERAL |
| Nota general |
Incluye datos biográficos del autor en la contracubierta. |
| 504 ## - NOTA DE BIBLIOGRAFÍA, ETC. |
| Nota de bibliografía, etc. |
Incluye referencias bibliográficas (p. 141-143) |
| 650 #4 - PUNTO DE ACCESO ADICIONAL DE MATERIA--TÉRMINO DE MATERIA |
| Término de materia o nombre geográfico como elemento de entrada |
Enfermedades periodontal |
| Subdivisión geográfica |
República Dominicana |
| 9 (RLIN) |
20457 |
| 650 #4 - PUNTO DE ACCESO ADICIONAL DE MATERIA--TÉRMINO DE MATERIA |
| Término de materia o nombre geográfico como elemento de entrada |
Epidemiologia clinica |
| 9 (RLIN) |
20461 |
| 830 #0 - PUNTO DE ACCESO ADICIONAL DE SERIE-TÍTULO UNIFORME |
| Título uniforme |
Universidad Autonóma de Santo Domingo |
| Designación de volumen o secuencia |
643 |
| 9 (RLIN) |
17164 |
| 830 #0 - PUNTO DE ACCESO ADICIONAL DE SERIE-TÍTULO UNIFORME |
| Título uniforme |
Salud y sociedad |
| Designación de volumen o secuencia |
No. 18 |
| 9 (RLIN) |
13999 |